| 000 | 00678nam a2200217Ii 4500 | ||
|---|---|---|---|
| 003 | JO-AjNU | ||
| 008 | 230606s9999||||xx |||||||||||||| ||und|| | ||
| 020 | _a978-1-259-92195-7 | ||
| 040 |
_aJO-AjNU _beng _erda _cJO-AjNU |
||
| 041 | _aeng | ||
| 050 | 1 | 4 | _aHG4521.C66 2018 |
| 100 | 3 |
_aJordan, Bradford D. , Miller Jr, Thomas W , Dolvin,CFA, Steven D, _eauthor _95893 |
|
| 245 | 0 | 0 | _aFundamentals of Investments: Valuation And Management |
| 250 | _a8 ed | ||
| 264 | 3 | 1 | _aNew York:McGraw-Hill,2018 |
| 300 |
_a724P _bHas tables |
||
| 336 |
_atext _btxt _2rdacontent |
||
| 337 |
_aunmediated _bn _2rdamedia |
||
| 338 |
_avolume _bnc _2rdacarrier |
||
| 650 | 4 |
_aInvestments _95894 |
|
| 999 |
_aE3058 _c3055 _d3055 |
||